Producción animal en pastoreo /

Guardado en:
Autor Principal: Cangiano, Carlos Alberto.
Autor Corporativo: Instituto Nacional de Tecnología Agropecuaria (Argentina). Estación Experimental Agropecuaria Balcarce.
Formato: Libro
Idioma:Spanish
Publicado: Balcarce : EEA INTA Balcarce, 1997.
Etiquetas: Agregar Etiqueta
Sin Etiquetas, Sea el primero en etiquetar este registro!
LEADER 00740nam a22001815a 4500
001 EEA.libagro006520
005 20180622094609.0
008 130809s1997####ag#a##########000#0#spa#d
020 |a 9879616316 
082 0 4 |a 636.2084 
100 1 |a Cangiano, Carlos Alberto. 
245 1 0 |a Producción animal en pastoreo /  |c Carlos Alberto Cangiano. 
260 |a Balcarce :  |b EEA INTA Balcarce,  |c 1997. 
300 |a 145 p. :  |b il. ;  |c 30 cm. 
710 2 |a Instituto Nacional de Tecnología Agropecuaria (Argentina).  |b Estación Experimental Agropecuaria Balcarce. 
859 |a AR-BbBCA  |b BIB. AGRONOMIA  |h 636.2084  |i C223  |p 2000/3854 
859 |a AR-BbBCA  |b BIB. AGRONOMIA  |h 636.2084  |i C223  |p 2000/3855  |t Ej.2 
859 |a AR-BbBCA  |b BIB. AGRONOMIA  |h 636.2084  |i C223  |p 2000/3886  |t Ej.3